Manual Prc̀tico sobre la Tasacin̤ de Costas Procesales (3® edicin̤)

Bibliographic Details
Main Author: Martn̕ez Gonzl̀ez, Margarita
Other Authors: Pedrosa Preciado, Laura
Format: eBook
Language:Spanish
Published: Barcelona: Ediciones Experiencia, 2013
Subjects:
Online Access:Acceso restringido

MARC

LEADER 00000nam a22000007a 4500
005 20140424200810.0
007 cr|||| ||||
008 140424s2013 es |||||s|||| 00||0 spa d
035 |a 11878 
040 |a vLex 
090 |c 4820  |d 4820 
100 1 |a Martn̕ez Gonzl̀ez, Margarita 
245 1 0 |a Manual Prc̀tico sobre la Tasacin̤ de Costas Procesales (3® edicin̤)  |h [Recurso electrn̤ico] /  |c Margarita Martn̕ez Gonzl̀ez, Laura Pedrosa Preciado 
256 |a Servicio en ln̕ea 
260 |a Barcelona:  |b Ediciones Experiencia,  |c 2013 
300 |a 1 recurso electrn̤ico 
500 |a El ciudadano usuario de la justicia soporta unos costes que deben ser tenidos muy en cuenta a la hora de plantearse la posibilidad de litigar. Sobre los profesionales que defienden y representan a las partes pesa el encargo de informar correctamente a sus clientes sobre esta materia, no exenta de inseguridades, pues es cierto que no se le suele dar la importancia que reviste, al menos en su mero aspecto pecuniario. Este libro pretende orientar, a travš de un anl̀isis detallado, sobre qu ̌gastos especf̕icos pueden producirse por causa de un litigio y su razn̤ de ser. En particular, de un lado, qu ̌conceptos y cuanta̕s de entre ellos pueden ser recuperados a costa del vencido si se obtiene una sentencia con pronunciamiento favorable, y cul̀es corren de cuenta exclusiva del vencedor. Y de otro, en caso de resultar condenado, hasta qu ̌punto se debe hacer frente a los gastos realizados por el adversario. Para ello se revisa la tasacin̤ de costas, a travš de la jurisprudencia y prc̀tica de nuestros Tribunales, as ̕como las partidas ms̀ relevantes que pueden integrarla, referidas a honorarios de Abogados y derechos de Procuradores, minutas periciales y la mayora̕ de los gastos que tienen alguna importancia, entre ellos el IVA, poniňdolos en relacin̤ con las normas procesales aplicables a los concretos supuestos, con cita de la doctrina actual. Asimismo se incorporan a la obra los profundos cambios generados en los procedimientos judiciales espaǫles, especialmente en materias competencias del Secretario Judicial, operados por la Ley 13/2009 de Reforma Procesal y la Ley 37/2011 sobre Medidas de Agilizacin̤ Procesal. La presente edicin̤ introduce adems̀ las novedades legislativas por las que se regulan determinadas tasas en el m̀bito de la Administracin̤ de Justicia y del Instituto Nacional de Toxicologa̕ y Ciencias Forenses: Ley 10/2012, de 20 de noviembre; y el Real Decreto-ley 3/2013, de 22 de febrero por el que se modifica el rǧimen de las tasas en el m̀bito de la Administracin̤ de Justicia y el sistema de asistencia jurd̕ica gratuita. 
506 1 |a Disponible solo en los productos indicados  |d vLex Global  |d vLex Global (Academic Edition, excluding Law Schools)  |d vLex Global (U.S. Academic Edition, Law Schools)  |d vLex Global (U.S. Academic Edition, excluding Law Schools)  |d vLex Global (Academic Edition, Law Schools) 
650 0 4 |a Derecho Mercantil y de la Empresa  |z Espaą 
700 1 |a Pedrosa Preciado, Laura 
740 0 |a vLex Libros (Servicio en ln̕ea) 
856 4 0 |u http://vlex.com/source/manual-practico-sobre-la-tasacion-de-costas-procesales-3-edicion--11878  |z Acceso restringido 
942 |c BOOK 
999 0 |a Commercial Law and Business